ბათუმის შოთა რუსთაველის სახელმწიფო უნივერსიტეტის ბიბლიოთეკა

The Economist, november 19th-25 th 2016. Number 1843. Volume 421 (ბიბ.ჩანაწერი № 52382)

000 -LEADER
fixed length control field 00518nam a2200193Ia 4500
001 - CONTROL NUMBER
control field 19402
003 - CONTROL NUMBER IDENTIFIER
control field GE_BSU
008 - FIXED-LENGTH DATA ELEMENTS--GENERAL INFORMATION
fixed length control field 181216s||||||||xx |||||||||||||| ||und||
040 ## - CATALOGING SOURCE
Transcribing agency GE_BSU
245 #4 - TITLE STATEMENT
Title The Economist, november 19th-25 th 2016. Number 1843. Volume 421
245 ## - TITLE STATEMENT
Remainder of title Number 1843. Volume 421
260 ## - PUBLICATION, DISTRIBUTION, ETC.
Place of publication, distribution, etc. Paris
260 ## - PUBLICATION, DISTRIBUTION, ETC.
Date of publication, distribution, etc. 2016
300 ## - PHYSICAL DESCRIPTION
Extent 80p. 27cm.
653 ## - INDEX TERM--UNCONTROLLED
Uncontrolled term Number 1843. Volume 421
653 ## - INDEX TERM--UNCONTROLLED
Uncontrolled term The Economist. november 19th-25 th 2016
653 ## - INDEX TERM--UNCONTROLLED
Uncontrolled term პერიოდიკა
942 ## - ADDED ENTRY ELEMENTS (KOHA)
Koha item type პერიოდიკა
ეგზემპლარები
Withdrawn status Lost status Damaged status Not for loan Date acquired Barcode Date last seen Price effective from Koha item type
        2018-12-17 p 78122 2018-12-17 2018-12-17 პერიოდიკა